000 00318nam a2200133Ia 4500
008 190216s9999||||xx |||||||||||||| ||und||
100 _aMaheshwari.P
245 0 _aBotany Section 2
250 _a1st Ed.
260 _bNational Council Of Educational Research
_c1965
300 _a122
650 _aBotany
942 _cBK
999 _c1086
_d1086